<?xml version="1.0" encoding="UTF-8"?>
<collection xmlns="http://www.loc.gov/MARC21/slim">
 <record>
  <leader>04252cam a2200817   4500</leader>
  <controlfield tag="001">023393459</controlfield>
  <controlfield tag="003">DE-627</controlfield>
  <controlfield tag="005">20240823142656.0</controlfield>
  <controlfield tag="007">tu</controlfield>
  <controlfield tag="008">710101s1985    gw |||||      00| ||ger c</controlfield>
  <datafield tag="015" ind1=" " ind2=" ">
   <subfield code="a">85,A31,0460</subfield>
   <subfield code="2">dnb</subfield>
  </datafield>
  <datafield tag="016" ind1="7" ind2=" ">
   <subfield code="a">850619033</subfield>
   <subfield code="2">DE-101</subfield>
  </datafield>
  <datafield tag="020" ind1=" " ind2=" ">
   <subfield code="a">3784583601</subfield>
   <subfield code="9">3-7845-8360-1</subfield>
  </datafield>
  <datafield tag="035" ind1=" " ind2=" ">
   <subfield code="a">(DE-627)023393459</subfield>
  </datafield>
  <datafield tag="035" ind1=" " ind2=" ">
   <subfield code="a">(DE-576)009784071</subfield>
  </datafield>
  <datafield tag="035" ind1=" " ind2=" ">
   <subfield code="a">(DE-599)GBV023393459</subfield>
  </datafield>
  <datafield tag="035" ind1=" " ind2=" ">
   <subfield code="a">(OCoLC)13013963</subfield>
  </datafield>
  <datafield tag="035" ind1=" " ind2=" ">
   <subfield code="a">(OCoLC)13013963</subfield>
  </datafield>
  <datafield tag="035" ind1=" " ind2=" ">
   <subfield code="a">(OCoLC)1078742023</subfield>
  </datafield>
  <datafield tag="035" ind1=" " ind2=" ">
   <subfield code="a">(DE-604)8003160505</subfield>
  </datafield>
  <datafield tag="040" ind1=" " ind2=" ">
   <subfield code="a">DE-627</subfield>
   <subfield code="b">ger</subfield>
   <subfield code="c">DE-627</subfield>
   <subfield code="e">rakwb</subfield>
  </datafield>
  <datafield tag="041" ind1=" " ind2=" ">
   <subfield code="a">ger</subfield>
  </datafield>
  <datafield tag="044" ind1=" " ind2=" ">
   <subfield code="c">XA-DE</subfield>
  </datafield>
  <datafield tag="050" ind1=" " ind2="0">
   <subfield code="a">N8070</subfield>
  </datafield>
  <datafield tag="082" ind1="0" ind2=" ">
   <subfield code="a">704.9/4855</subfield>
  </datafield>
  <datafield tag="084" ind1=" " ind2=" ">
   <subfield code="a">46</subfield>
   <subfield code="a">12</subfield>
   <subfield code="a">13</subfield>
   <subfield code="2">sdnb</subfield>
  </datafield>
  <datafield tag="084" ind1=" " ind2=" ">
   <subfield code="a">6,21</subfield>
   <subfield code="a">9,10</subfield>
   <subfield code="a">1</subfield>
   <subfield code="2">ssgn</subfield>
  </datafield>
  <datafield tag="084" ind1=" " ind2=" ">
   <subfield code="a">LH 82420</subfield>
   <subfield code="2">rvk</subfield>
   <subfield code="0">(DE-625)rvk/95229:</subfield>
  </datafield>
  <datafield tag="084" ind1=" " ind2=" ">
   <subfield code="a">BS 4450</subfield>
   <subfield code="2">rvk</subfield>
   <subfield code="0">(DE-625)rvk/16369:</subfield>
  </datafield>
  <datafield tag="084" ind1=" " ind2=" ">
   <subfield code="a">BO 9680</subfield>
   <subfield code="2">rvk</subfield>
   <subfield code="0">(DE-625)rvk/14919:</subfield>
  </datafield>
  <datafield tag="084" ind1=" " ind2=" ">
   <subfield code="a">20.27</subfield>
   <subfield code="2">bkl</subfield>
  </datafield>
  <datafield tag="084" ind1=" " ind2=" ">
   <subfield code="a">20.21</subfield>
   <subfield code="2">bkl</subfield>
  </datafield>
  <datafield tag="100" ind1="1" ind2=" ">
   <subfield code="a">Weis, Adolf</subfield>
   <subfield code="d">1915-1980</subfield>
   <subfield code="0">(DE-588)1012386899</subfield>
   <subfield code="0">(DE-627)661790932</subfield>
   <subfield code="0">(DE-576)345361091</subfield>
   <subfield code="4">aut</subfield>
  </datafield>
  <datafield tag="245" ind1="1" ind2="4">
   <subfield code="a">Die Madonna Platytera</subfield>
   <subfield code="b">Entwurf für ein Christentum als Bildoffenbarung anhand der Geschichte eines Madonnenthemas</subfield>
   <subfield code="c">Adolf Weis. Hrsg. von Elisabeth Weis</subfield>
  </datafield>
  <datafield tag="264" ind1=" " ind2="1">
   <subfield code="a">Königstein im Taunus</subfield>
   <subfield code="b">Langewiesche</subfield>
   <subfield code="c">1985</subfield>
  </datafield>
  <datafield tag="300" ind1=" " ind2=" ">
   <subfield code="a">184 S.</subfield>
   <subfield code="b">zahlr. Ill.</subfield>
  </datafield>
  <datafield tag="336" ind1=" " ind2=" ">
   <subfield code="a">Text</subfield>
   <subfield code="b">txt</subfield>
   <subfield code="2">rdacontent</subfield>
  </datafield>
  <datafield tag="337" ind1=" " ind2=" ">
   <subfield code="a">ohne Hilfsmittel zu benutzen</subfield>
   <subfield code="b">n</subfield>
   <subfield code="2">rdamedia</subfield>
  </datafield>
  <datafield tag="338" ind1=" " ind2=" ">
   <subfield code="a">Band</subfield>
   <subfield code="b">nc</subfield>
   <subfield code="2">rdacarrier</subfield>
  </datafield>
  <datafield tag="490" ind1="0" ind2=" ">
   <subfield code="a">Die blauen Bücher</subfield>
  </datafield>
  <datafield tag="500" ind1=" " ind2=" ">
   <subfield code="a">Literaturverz. S. 165 - 173</subfield>
  </datafield>
  <datafield tag="520" ind1=" " ind2=" ">
   <subfield code="a">Adolf Weis: &quot;Die Madonna Platytera&quot;. Entwurf für ein Christentum als Bildoffenbarung anhand der Geschichte eines Madonnenthemas. Verlag Langewiesche, Königstein 1985. 184 S., 50 Farbbilder, 70 s/w Abb., Pb., 59,- DM</subfield>
  </datafield>
  <datafield tag="583" ind1="1" ind2=" ">
   <subfield code="a">Archivierung/Langzeitarchivierung gewährleistet</subfield>
   <subfield code="f">SSG</subfield>
   <subfield code="x">XA-DE-BW</subfield>
   <subfield code="2">pdager</subfield>
   <subfield code="5">DE-21</subfield>
  </datafield>
  <datafield tag="583" ind1="1" ind2=" ">
   <subfield code="a">Archivierung/Langzeitarchivierung gewährleistet</subfield>
   <subfield code="f">SSG</subfield>
   <subfield code="x">XA-DE-BW</subfield>
   <subfield code="2">pdager</subfield>
   <subfield code="5">DE-16</subfield>
  </datafield>
  <datafield tag="583" ind1="1" ind2=" ">
   <subfield code="a">Archivierung prüfen</subfield>
   <subfield code="c">20240324</subfield>
   <subfield code="f">DE-4165</subfield>
   <subfield code="z">2</subfield>
   <subfield code="2">pdager</subfield>
  </datafield>
  <datafield tag="653" ind1=" " ind2="0">
   <subfield code="a">Mary</subfield>
   <subfield code="a">Blessed Virgin, Saint</subfield>
   <subfield code="a">Art</subfield>
  </datafield>
  <datafield tag="653" ind1=" " ind2="0">
   <subfield code="a">Mothers in art</subfield>
  </datafield>
  <datafield tag="653" ind1=" " ind2="0">
   <subfield code="a">Christian saints in art</subfield>
  </datafield>
  <datafield tag="653" ind1=" " ind2="0">
   <subfield code="a">Pregnant women in art</subfield>
  </datafield>
  <datafield tag="653" ind1=" " ind2="0">
   <subfield code="a">Art</subfield>
   <subfield code="a">Themes, motives</subfield>
  </datafield>
  <datafield tag="689" ind1="0" ind2="0">
   <subfield code="d">s</subfield>
   <subfield code="0">(DE-588)4170902-0</subfield>
   <subfield code="0">(DE-627)105398829</subfield>
   <subfield code="0">(DE-576)209933488</subfield>
   <subfield code="a">Mutterschaft</subfield>
   <subfield code="g">Motiv</subfield>
   <subfield code="2">gnd</subfield>
  </datafield>
  <datafield tag="689" ind1="0" ind2="1">
   <subfield code="d">s</subfield>
   <subfield code="0">(DE-588)4223917-5</subfield>
   <subfield code="0">(DE-627)104990678</subfield>
   <subfield code="0">(DE-576)210293632</subfield>
   <subfield code="a">Maria Platytera</subfield>
   <subfield code="2">gnd</subfield>
  </datafield>
  <datafield tag="689" ind1="0" ind2="2">
   <subfield code="d">s</subfield>
   <subfield code="0">(DE-588)4132219-8</subfield>
   <subfield code="0">(DE-627)105689327</subfield>
   <subfield code="0">(DE-576)209633727</subfield>
   <subfield code="a">Schwangerschaft</subfield>
   <subfield code="g">Motiv</subfield>
   <subfield code="2">gnd</subfield>
  </datafield>
  <datafield tag="689" ind1="0" ind2=" ">
   <subfield code="5">(DE-627)</subfield>
  </datafield>
  <datafield tag="700" ind1="1" ind2=" ">
   <subfield code="a">Weis, Elisabeth</subfield>
   <subfield code="d">1966-</subfield>
   <subfield code="e">Hrsg.</subfield>
   <subfield code="0">(DE-588)120313359</subfield>
   <subfield code="0">(DE-627)696559706</subfield>
   <subfield code="0">(DE-576)292154062</subfield>
   <subfield code="4">edt</subfield>
  </datafield>
  <datafield tag="787" ind1="0" ind2="8">
   <subfield code="i">Rezension</subfield>
   <subfield code="a">Schelkle, Karl Hermann, 1908 - 1988</subfield>
   <subfield code="t">Weis, Adolf, Die Madonna Platytera</subfield>
   <subfield code="d">1987</subfield>
   <subfield code="w">(DE-627)1514984202</subfield>
   <subfield code="w">(DE-576)444984208</subfield>
  </datafield>
  <datafield tag="787" ind1="0" ind2="8">
   <subfield code="i">Rezensiert in</subfield>
   <subfield code="a">Haussherr, Reiner, 1937 - 2018</subfield>
   <subfield code="t">[Rezension von: Adolf Weis, Die Madonna Platytera]</subfield>
   <subfield code="d">Nürnberg : Carl, 1986</subfield>
   <subfield code="w">(DE-627)1693283220</subfield>
  </datafield>
  <datafield tag="856" ind1="4" ind2="2">
   <subfield code="u">http://d-nb.info/850619033/04</subfield>
   <subfield code="m">B:DE-101</subfield>
   <subfield code="q">application/pdf</subfield>
   <subfield code="v">20130501</subfield>
   <subfield code="x">Verlag</subfield>
   <subfield code="3">Inhaltsverzeichnis</subfield>
  </datafield>
  <datafield tag="935" ind1=" " ind2=" ">
   <subfield code="a">mteo</subfield>
  </datafield>
  <datafield tag="935" ind1=" " ind2=" ">
   <subfield code="i">Blocktest</subfield>
  </datafield>
  <datafield tag="936" ind1="r" ind2="v">
   <subfield code="a">LH 82420</subfield>
   <subfield code="b">Allgemein</subfield>
   <subfield code="k">Kunstgeschichte</subfield>
   <subfield code="k">Allgemeines. Allgemeine Kunstgeschichte</subfield>
   <subfield code="k">Kunstgeschichte einzelner Gattungen der Kunst</subfield>
   <subfield code="k">Ikonographie, Ikonologie</subfield>
   <subfield code="k">Christliche Ikonographie</subfield>
   <subfield code="k">Ikonographie biblischer Darstellungen</subfield>
   <subfield code="k">Marienbild</subfield>
   <subfield code="k">Allgemein</subfield>
   <subfield code="0">(DE-627)127091782X</subfield>
   <subfield code="0">(DE-625)rvk/95229:</subfield>
   <subfield code="0">(DE-576)20091782X</subfield>
  </datafield>
  <datafield tag="936" ind1="r" ind2="v">
   <subfield code="a">BS 4450</subfield>
   <subfield code="b">Marienfeste, Marienverehrung</subfield>
   <subfield code="k">Theologie und Religionswissenschaften</subfield>
   <subfield code="k">Liturgiewissenschaft</subfield>
   <subfield code="k">Spezielle Liturgik</subfield>
   <subfield code="k">Das liturgische Jahr</subfield>
   <subfield code="k">Darstellungen</subfield>
   <subfield code="k">Einzeldarstellungen</subfield>
   <subfield code="k">Marienfeste, Marienverehrung</subfield>
   <subfield code="0">(DE-627)1270757598</subfield>
   <subfield code="0">(DE-625)rvk/16369:</subfield>
   <subfield code="0">(DE-576)200757598</subfield>
  </datafield>
  <datafield tag="936" ind1="r" ind2="v">
   <subfield code="a">BO 9680</subfield>
   <subfield code="b">Sonstige Motive</subfield>
   <subfield code="k">Theologie und Religionswissenschaften</subfield>
   <subfield code="k">Patrologie und Kirchengeschichte</subfield>
   <subfield code="k">Christliche Archäologie und Kunstgeschichte</subfield>
   <subfield code="k">Bildmotiv</subfield>
   <subfield code="k">Sonstige Motive</subfield>
   <subfield code="0">(DE-627)1270752715</subfield>
   <subfield code="0">(DE-625)rvk/14919:</subfield>
   <subfield code="0">(DE-576)200752715</subfield>
  </datafield>
  <datafield tag="936" ind1="b" ind2="k">
   <subfield code="a">20.27</subfield>
   <subfield code="j">Bibel</subfield>
   <subfield code="x">Ikonographie</subfield>
   <subfield code="0">(DE-627)106421239</subfield>
  </datafield>
  <datafield tag="936" ind1="b" ind2="k">
   <subfield code="a">20.21</subfield>
   <subfield code="j">Religion</subfield>
   <subfield code="j">Magie</subfield>
   <subfield code="x">Ikonographie</subfield>
   <subfield code="0">(DE-627)106406353</subfield>
  </datafield>
  <datafield tag="951" ind1=" " ind2=" ">
   <subfield code="a">BO</subfield>
  </datafield>
  <datafield tag="990" ind1=" " ind2=" ">
   <subfield code="a">Mutterschaft</subfield>
  </datafield>
  <datafield tag="990" ind1=" " ind2=" ">
   <subfield code="a">Maria Platytera</subfield>
  </datafield>
  <datafield tag="990" ind1=" " ind2=" ">
   <subfield code="a">Schwangerschaft</subfield>
  </datafield>
  <datafield tag="991" ind1=" " ind2=" ">
   <subfield code="a">Rezensiertes Werk</subfield>
  </datafield>
  <datafield tag="999" ind1=" " ind2=" ">
   <subfield code="a">KXP-PPN023393459</subfield>
   <subfield code="e">4012544284</subfield>
  </datafield>
 </record>
</collection>
